000
00344nam a2200145Ia 4500
005
20260416142529.0
008
191201s2013 xx 000 0 und d
100
_a
MADHUKAR, R K
245
0
_a
Business Communication
250
_a
2nd
260
_c
2013
_b
Vikas Publication House
_a
N. delhi
300
_a
427
650
_a
MBA
942
_2
ddc
_c
BB
999
_c
7615
_d
7615